Дело об увольнении помощника префекта Медицинского института при Виленском университете доктора медицины Ф. Римкевича

Доступно только в Электронных читальных залах Найти на картеНа карте
RUSMARC
00004358nmc2a2200000 x 450
001fbe1b8bc-fe3e-4b02-8c99-ed71d8ef22cf
00520151215095834.0
100##$a20150825l18241824k l0rusy0189 ca
1010#$arus
102##$aRU
2001#$aДело об увольнении помощника префекта Медицинского института при Виленском университете доктора медицины Ф. Римкевича
$j4 июня - 8 августа 1824 г.
251##$cДело
300##$aДело
300##$aОриг. заголовок дела: Дело по представлению правления Императорского Виленского университета об увольнении вовсе от службы за слабостью здоровья помощника префекта медицинского при Виленском университете института, доктора медицины Феликса Римкевича, с награждением его орденом Святой Анны 3 степени. 4 июня 1824 г. - 8 августа 1824 г
801#0$aRU
$bРГИА
$c20150825
$gRCR
801#1$aRU
$bГлавНИВЦ
$c20150825
$2rusmarc
801#2$aRU
$bПБ им. Б.Н. Ельцина
$c20151215
$gRCR
$2rusmarc
850##$aРГИА
852##$aРГИА
$eФедеральное казенное учреждение "Российский государственный исторический архив" (РГИА)
$j152
937##$hРГИА
$d12087962
$aASBIBLIO_SCAN
462#0$100110dcdccd-ec79-4ee8-a204-b9d031b41c04
$12001
$aМедицинские дела Департамента народного просвещения
$1251
$cОпись
$1852
$j99
461#0$1001a74412a3-3cc5-4d21-8f0a-dfe2fbd9e72d
$12001
$aДепартамент народного просвещения Министерства народного просвещения
$1251
$cФонд
$1852
$j733
215##$a17 л.
$d36,5x26 см
371##$aДокумент не является опубликованным и широко распространяемым
5171#$aДело по представлению правления Императорского Виленского университета об увольнении вовсе от службы за слабостью здоровья помощника префекта медицинского при Виленском университете института, доктора медицины Феликса Римкевича, с награждением его орденом Святой Анны 3 степени. 4 июня 1824 г. - 8 августа 1824 г
105##$aу###
1222#$ad
035##$afbe1b8bc-fe3e-4b02-8c99-ed71d8ef22cf
Формат отображения